000 01465cam a2200157 4500500
005 20260208005808.0
041 _afre
042 _adc
100 1 0 _aCavallin, Jean-Christophe
_eauthor
245 0 0 _aMARC FUMAROLI, Chateaubriand, Poésie et Terreur. Paris, Éditions de Fallois, 2003. Un vol. de 799 p.
260 _c2004.
500 _a47
520 _aPar son ampleur, par sa liberté de ton et d’inspiration, le roman de Mme d’Épinay Histoire de Madame de Montbrillant est l’égal des chefs-d’œuvre du genre épistolaire : Clarisse Harlowe, La Nouvelle Héloïse ou Les Liaisons dangereuses. D’où vient la relative méconnaissance dont il souffre encore aujourd’hui ? D’influents critiques rousseauistes, certes, se sont ligués contre un ouvrage qui, dans son dernier tiers, présente une version transposée des « affaires de l’Ermitage » défavorable à Rousseau. Mais les réticences de Mme d’Épinay elle-même à assumer le statut de romancière et de femmes de lettres sont également responsables de bien des malentendus : cas très représentatif des censures, génératrices d’inhibitions profondes, auxquelles se heurtait alors l’affirmation d’une auctoritas féminine.
786 0 _nRevue d'histoire littéraire de la France | Vol.104 | 4 | 2004-09-01 | p. 935m-1002m | 0035-2411
856 4 1 _uhttps://shs.cairn.info/revue-d-histoire-litteraire-de-la-france-2004-4-page-935m?lang=fr&redirect-ssocas=7080
999 _c1653805
_d1653805